[Event "Madrid ch Superveteranos 2023-2024"]
[Site "Madrid ESP"]
[Date "2024.05.17"]
[Round "4.25"]
[White "Siddiqie, Kausar Iqbal"]
[Black "Ramos Antona, Enrique"]
[Result "0-1"]
[WhiteElo "1596"]
[BlackElo "1737"]
[PlyCount "117"]
[EventDate "2024.05.13"]
[EventType "swiss"]
[EventRounds "7"]
[EventCountry "ESP"]
[SourceTitle "Ajedrez en Madrid"]
[Source "lmi"]
[SourceDate "2024.05.13"]
[SourceVersion "1"]
[SourceVersionDate "2024.05.25"]
[SourceQuality "1"]

1. e4 c5 2. Nf3 d6 3. d4 cxd4 4. Nxd4 Nf6 5. Nc3 a6 6. a4 e5 7. Nf3 Nc6 8. Bc4
Qc7 9. Ng5 Nd8 10. Bb3 h6 11. Nf3 Be7 12. a5 Be6 13. Ba4+ Bd7 14. Bb3 Be6 15.
Nd5 Nxd5 16. Bxd5 O-O 17. O-O Nc6 18. Bd2 Bg4 19. Bc3 Bf6 20. Qd3 Ne7 21. Bb3
Ng6 22. Bd2 Bd7 23. c4 Bc6 24. Be3 b5 25. axb6 Qb7 26. Nd2 Nf4 27. Bxf4 exf4
28. c5 dxc5 29. Bc4 Qxb6 30. Rxa6 Rxa6 31. Bxa6 Rd8 32. Qe2 Qxb2 33. Bd3 Qd4
34. Bc4 Qxd2 35. Qh5 Be8 36. Qxc5 Qd4 37. Qc7 Be5 38. Qa5 Qd6 39. Bd5 Rb8 40.
Rd1 Qb6 41. Bxf7+ Bxf7 42. Qxe5 Rd8 43. Re1 Qd6 44. Qa1 Qd4 45. Qc1 Qd2 46. Qa1
Qd4 47. Qc1 Qe5 48. h3 Re8 49. Qc6 Kh7 50. Qb7 Re7 51. Qa8 Bg6 52. f3 Qd4+ 53.
Kh2 Ra7 54. Qb8 Qf2 55. Qb4 Qg3+ 56. Kh1 Re7 57. Qxe7 Qxe1+ 58. Kh2 Qe3 59. Qh4
0-1

[Event "Madrid ch Superveteranos 2023-2024"]
[Site "Madrid ESP"]
[Date "2024.05.17"]
[Round "4.26"]
[White "Salgado Duarte, Pablo"]
[Black "Lopez Manso, Jeronimo"]
[Result "1/2-1/2"]
[WhiteElo "1663"]
[BlackElo "1564"]
[PlyCount "155"]
[EventDate "2024.05.13"]
[EventType "swiss"]
[EventRounds "7"]
[EventCountry "ESP"]
[SourceTitle "Ajedrez en Madrid"]
[Source "lmi"]
[SourceDate "2024.05.13"]
[SourceVersion "1"]
[SourceVersionDate "2024.05.25"]
[SourceQuality "1"]

1. e4 f5 2. e5 d5 3. d4 e6 4. Nf3 c5 5. Nc3 Nc6 6. Bb5 Nge7 7. dxc5 Ng6 8. Bg5
Be7 9. Bxe7 Qxe7 10. Bxc6+ bxc6 11. Qd4 O-O 12. O-O f4 13. b4 Qc7 14. Rfe1 a5
15. a3 h6 16. b5 Ne7 17. b6 Qd8 18. Ne2 g5 19. Qd3 Ba6 20. Qc3 Ng6 21. Ned4 Qe8
22. Qb3 Bc4 23. Qa4 g4 24. Nd2 Bb5 25. Nxb5 cxb5 26. Qd4 Rf5 27. Re2 f3 28. Re3
Nf4 29. g3 Qh5 30. h4 gxh3 31. Nf1 Ne2+ 32. Rxe2 fxe2 33. Ne3 Qf3 34. Qg4+ Qxg4
35. Nxg4 Kg7 36. f4 h5 37. Nf2 h4 38. Nxh3 hxg3 39. Re1 Rh8 40. Kg2 Rfh5 41.
Ng5 Rh2+ 42. Kxg3 Rh1 43. Rxe2 b4 44. axb4 a4 45. Nxe6+ Kf7 46. Ng5+ Ke7 47. c6
a3 48. c3 Rc1 49. b7 Rxc3+ 50. Kf2 Rxc6 51. Nf3 Rb6 52. Ra2 Ra6 53. Ke3 Rb8 54.
Kd4 Rxb7 55. Kc5 Rd7 56. Nd4 Ra8 57. f5 Rc8+ 58. Nc6+ Ke8 59. Rxa3 d4 60. Rd3
Rh7 61. Rxd4 Rh5 62. Rf4 Kd7 63. b5 Rh1 64. e6+ Kc7 65. b6+ Kb7 66. e7 Rxc6+
67. Kd5 Rd1+ 68. Ke5 Re1+ 69. Re4 Rc5+ 70. Kd4 Rc4+ 71. Kxc4 Rxe4+ 72. Kd5 Rxe7
73. f6 Re1 74. f7 Rf1 75. Ke6 Kxb6 76. Ke7 Re1+ 77. Kf6 Rf1+ 78. Ke7 1/2-1/2

[Event "Madrid ch Superveteranos 2023-2024"]
[Site "Madrid ESP"]
[Date "2024.05.20"]
[Round "5.1"]
[White "Martin Martin, Luis Vicente"]
[Black "Cabanas Bravo, Juan Andres"]
[Result "1-0"]
[WhiteElo "1953"]
[BlackElo "1986"]
[PlyCount "99"]
[EventDate "2024.05.13"]
[EventType "swiss"]
[EventRounds "7"]
[EventCountry "ESP"]
[SourceTitle "Ajedrez en Madrid"]
[Source "lmi"]
[SourceDate "2024.05.13"]
[SourceVersion "1"]
[SourceVersionDate "2024.05.25"]
[SourceQuality "1"]

1. d4 Nf6 2. Bf4 c5 3. e3 Nd5 4. Bg3 Qb6 5. Nc3 Nxc3 6. bxc3 d6 7. Qb1 g6 8.
Bc4 Bg7 9. Nf3 O-O 10. O-O Nc6 11. a4 Qxb1 12. Raxb1 Na5 13. Be2 Bd7 14. Bb5
Bg4 15. Be2 Rac8 16. h3 Bd7 17. Bb5 Rfd8 18. Nd2 cxd4 19. cxd4 Rxc2 20. Nb3 Nc4
21. Rfc1 Na3 22. Rxc2 Nxc2 23. Rc1 Na3 24. Rc7 Be6 25. Na5 Nxb5 26. axb5 Rd7
27. Rc8+ Bf8 28. Bf4 Kg7 29. Ra8 b6 30. Nc6 Bd5 31. f3 f6 32. e4 Bxc6 33. bxc6
Rc7 34. d5 Kf7 35. Rd8 f5 36. Rd7 Rc8 37. Rxa7 Kf6 38. Rb7 fxe4 39. fxe4 e6 40.
g4 exd5 41. exd5 h5 42. Rxb6 hxg4 43. hxg4 g5 44. Bg3 Be7 45. Kg2 Kf7 46. Rb7
Ke8 47. Rd7 Ra8 48. Bxd6 Bxd6 49. Rxd6 Ra3 50. Rg6 1-0

[Event "Madrid ch Superveteranos 2023-2024"]
[Site "Madrid ESP"]
[Date "2024.05.20"]
[Round "5.2"]
[White "Barraza Caracuel, Ignacio"]
[Black "Jimenez Jimenez, Jose Luis"]
[Result "1/2-1/2"]
[WhiteElo "2046"]
[BlackElo "1835"]
[PlyCount "71"]
[EventDate "2024.05.13"]
[EventType "swiss"]
[EventRounds "7"]
[EventCountry "ESP"]
[SourceTitle "Ajedrez en Madrid"]
[Source "lmi"]
[SourceDate "2024.05.13"]
[SourceVersion "1"]
[SourceVersionDate "2024.05.25"]
[SourceQuality "1"]

1. d4 e6 2. c4 d5 3. Nc3 Nf6 4. Nf3 Nbd7 5. cxd5 exd5 6. Bf4 c6 7. e3 Bb4 8.
Bd3 Qa5 9. Qc2 O-O 10. O-O Re8 11. a3 Bxc3 12. bxc3 Ne4 13. c4 Ndf6 14. Ne5 Be6
15. h3 c5 16. f3 Nd2 17. cxd5 Nxd5 18. Rfd1 Nxf4 19. Bxh7+ Kh8 20. Rxd2 Nd5 21.
Re2 cxd4 22. Nc4 Qd8 23. Bd3 Rc8 24. Qb2 Nc3 25. Ne5 Nxe2+ 26. Qxe2 dxe3 27. f4
Qh4 28. Qxe3 Kg8 29. Rf1 Bd5 30. Kh2 f6 31. Qd4 Rcd8 32. Bc4 Bxc4 33. Qxc4+ Kh7
34. Qc2+ Kg8 35. Qc4+ Kh7 36. Qc2+ 1/2-1/2

[Event "Madrid ch Superveteranos 2023-2024"]
[Site "Madrid ESP"]
[Date "2024.05.20"]
[Round "5.3"]
[White "Pastor Alonso De Prado, Alberto"]
[Black "Gonzalez Rivera, Eduardo"]
[Result "1-0"]
[WhiteElo "1980"]
[BlackElo "1965"]
[PlyCount "53"]
[EventDate "2024.05.13"]
[EventType "swiss"]
[EventRounds "7"]
[EventCountry "ESP"]
[SourceTitle "Ajedrez en Madrid"]
[Source "lmi"]
[SourceDate "2024.05.13"]
[SourceVersion "1"]
[SourceVersionDate "2024.05.25"]
[SourceQuality "1"]

1. b3 e5 2. Bb2 Nc6 3. e3 Be7 4. Bb5 Bf6 5. Ne2 Nge7 6. d4 exd4 7. Nxd4 Nxd4 8.
Bxd4 Nf5 9. Bxf6 Qxf6 10. Nd2 c6 11. Bd3 d5 12. O-O Nd6 13. e4 dxe4 14. Qe2 O-O
15. Nxe4 Nxe4 16. Qxe4 g6 17. Rae1 Rb8 18. a4 Kg7 19. Qe3 Bf5 20. Qxa7 Bxd3 21.
cxd3 Qc3 22. Qb6 Qxd3 23. Re3 Qd7 24. h4 Rfe8 25. Rfe1 Rxe3 26. Qxe3 h5 27.
Qe5+ 1-0

[Event "Madrid ch Superveteranos 2023-2024"]
[Site "Madrid ESP"]
[Date "2024.05.20"]
[Round "5.4"]
[White "Garcia Galeote, Lorenzo"]
[Black "Hernandez Gutierrez, Jose"]
[Result "1/2-1/2"]
[WhiteElo "1905"]
[BlackElo "1805"]
[PlyCount "66"]
[EventDate "2024.05.13"]
[EventType "swiss"]
[EventRounds "7"]
[EventCountry "ESP"]
[SourceTitle "Ajedrez en Madrid"]
[Source "lmi"]
[SourceDate "2024.05.13"]
[SourceVersion "1"]
[SourceVersionDate "2024.05.25"]
[SourceQuality "1"]

1. d4 Nf6 2. Nf3 d5 3. e3 e6 4. Bd3 c5 5. c3 Nc6 6. O-O Bd6 7. Nbd2 O-O 8. Qe2
e5 9. dxc5 Bxc5 10. e4 d4 11. Nb3 Bb6 12. cxd4 Nxd4 13. Nbxd4 Bxd4 14. Nxd4
Qxd4 15. Be3 Qb4 16. a3 Qe7 17. b4 b6 18. f3 Be6 19. Ba6 Bc8 20. Rac1 Bb7 21.
Rc2 Rac8 22. Rfc1 Bxa6 23. Qxa6 Rxc2 24. Rxc2 Qd7 25. Rc1 h6 26. a4 Rb8 27. a5
bxa5 28. Qxa5 Rb7 29. Qc5 Rb5 30. Qc8+ Qxc8 31. Rxc8+ Kh7 32. Bc5 a5 33. bxa5
Rxa5 1/2-1/2

[Event "Madrid ch Superveteranos 2023-2024"]
[Site "Madrid ESP"]
[Date "2024.05.20"]
[Round "5.5"]
[White "Garcia Esteban, Ignacio"]
[Black "Martin-Consuegra Barrilero, Javi"]
[Result "0-1"]
[WhiteElo "1772"]
[BlackElo "1827"]
[PlyCount "101"]
[EventDate "2024.05.13"]
[EventType "swiss"]
[EventRounds "7"]
[EventCountry "ESP"]
[SourceTitle "Ajedrez en Madrid"]
[Source "lmi"]
[SourceDate "2024.05.13"]
[SourceVersion "1"]
[SourceVersionDate "2024.05.25"]
[SourceQuality "1"]

1. e4 d6 2. d4 Nf6 3. Nc3 e5 4. dxe5 dxe5 5. Qxd8+ Kxd8 6. Bg5 Be6 7. O-O-O+
Nbd7 8. Nf3 Bd6 9. Nb5 Ke7 10. Nxd6 cxd6 11. Kb1 h6 12. Bxf6+ Nxf6 13. Bd3 Bg4
14. h3 Bxf3 15. gxf3 Nh5 16. Rhg1 g6 17. h4 Nf4 18. Bb5 Rac8 19. Bd3 Rc7 20. c3
h5 21. Rd2 Rc5 22. Rgd1 Rd8 23. Bf1 f6 24. Rc2 a5 25. b3 Rdc8 26. Kb2 d5 27.
exd5 Rxd5 28. Rxd5 Nxd5 29. c4 Nf4 30. Rd2 Rc7 31. a3 b6 32. b4 axb4 33. axb4
f5 34. Kc3 Ra7 35. Kb2 Ra4 36. b5 Ra7 37. Rd1 Rd7 38. Kc2 Rxd1 39. Kxd1 Kd6 40.
Kd2 Kc5 41. Kc3 Ne6 42. Be2 Nd8 43. Bd3 Nf7 44. Be2 Nd6 45. Bf1 e4 46. f4 Nb7
47. f3 exf3 48. Kd3 Nd6 49. Kc3 Ne4+ 50. Kd3 Ng3 51. Bh3 0-1

[Event "Madrid ch Superveteranos 2023-2024"]
[Site "Madrid ESP"]
[Date "2024.05.20"]
[Round "5.6"]
[White "Pinan Gaviria, Jose"]
[Black "Perez Pascual, Arturo"]
[Result "0-1"]
[WhiteElo "1819"]
[BlackElo "1756"]
[PlyCount "122"]
[EventDate "2024.05.13"]
[EventType "swiss"]
[EventRounds "7"]
[EventCountry "ESP"]
[SourceTitle "Ajedrez en Madrid"]
[Source "lmi"]
[SourceDate "2024.05.13"]
[SourceVersion "1"]
[SourceVersionDate "2024.05.25"]
[SourceQuality "1"]

1. e4 e5 2. Nf3 Nf6 3. Nxe5 d6 4. Nf3 Nxe4 5. d4 d5 6. Bd3 Bd6 7. c4 c6 8. Nc3
Nxc3 9. bxc3 O-O 10. O-O Bg4 11. c5 Bc7 12. Bc2 Qf6 13. Qd3 g6 14. Bg5 Qg7 15.
Rfe1 Bxf3 16. Qxf3 f6 17. Bd2 Nd7 18. Qh3 Qf7 19. Re2 Rfe8 20. Rae1 Rxe2 21.
Rxe2 Re8 22. Qf3 f5 23. Rxe8+ Qxe8 24. Qe3 Qxe3 25. Bxe3 Kf7 26. f3 Kf6 27. g3
g5 28. Kg2 h5 29. h4 gxh4 30. gxh4 f4 31. Bd2 Nf8 32. Bd3 Ng6 33. Kh3 Ne7 34.
c4 Ke6 35. Bc3 dxc4 36. Bxc4+ Nd5 37. Bd2 Kf6 38. Bd3 Ne7 39. Be4 Ke6 40. Be1
Nf5 41. Bf2 Ba5 42. Kg2 Bc3 43. a4 Nxd4 44. Bg6 Kd5 45. Bxh5 Kxc5 46. Bg4 Kb4
47. h5 Nc2 48. Bxa7 Kxa4 49. Bb8 Ne1+ 50. Kf2 b5 51. Bd7 c5 52. Bxf4 Nd3+ 53.
Kg3 Nxf4 54. Kxf4 Ka5 55. Ke4 Bg7 56. Kd5 Kb4 57. Ke4 c4 58. Ke3 Kc5 59. Kd2 b4
60. Be6 Kb5 61. Bd7+ Kc5 0-1

[Event "Madrid ch Superveteranos 2023-2024"]
[Site "Madrid ESP"]
[Date "2024.05.20"]
[Round "5.7"]
[White "Hurtado Garrido, Reyes"]
[Black "Fernandez Garcia, Ignacio"]
[Result "0-1"]
[WhiteElo "1785"]
[BlackElo "1872"]
[PlyCount "68"]
[EventDate "2024.05.13"]
[EventType "swiss"]
[EventRounds "7"]
[EventCountry "ESP"]
[SourceTitle "Ajedrez en Madrid"]
[Source "lmi"]
[SourceDate "2024.05.13"]
[SourceVersion "1"]
[SourceVersionDate "2024.05.25"]
[SourceQuality "1"]

1. d4 b5 2. e4 Bb7 3. Nd2 a6 4. a4 b4 5. Bd3 Nc6 6. Ngf3 e6 7. O-O Nf6 8. Re1
Be7 9. Nb3 h6 10. Qe2 d5 11. e5 Nd7 12. Bd2 a5 13. c4 dxc4 14. Bxc4 Nb6 15. Bb5
O-O 16. Rec1 Nb8 17. Nc5 Bxf3 18. Qxf3 Qxd4 19. Ne4 Nd5 20. Be3 Qxe5 21. Rd1
Nxe3 22. fxe3 c6 23. Ng3 Ra7 24. Bxc6 Nxc6 25. Qxc6 Qxe3+ 26. Kh1 Bf6 27. Re1
Qd4 28. Re2 Rd7 29. Rae1 Rfd8 30. h3 Bh4 31. Re4 Qf2 32. Nf5 exf5 33. Re8+ Kh7
34. R8e2 Qf4 0-1

[Event "Madrid ch Superveteranos 2023-2024"]
[Site "Madrid ESP"]
[Date "2024.05.20"]
[Round "5.8"]
[White "Estrada Martinez, Cesar"]
[Black "Conchillo Roman, Jose Ignacio"]
[Result "1/2-1/2"]
[WhiteElo "1867"]
[BlackElo "1672"]
[PlyCount "46"]
[EventDate "2024.05.13"]
[EventType "swiss"]
[EventRounds "7"]
[EventCountry "ESP"]
[SourceTitle "Ajedrez en Madrid"]
[Source "lmi"]
[SourceDate "2024.05.13"]
[SourceVersion "1"]
[SourceVersionDate "2024.05.25"]
[SourceQuality "1"]

1. e4 c5 2. Nf3 d6 3. Bc4 Nf6 4. Nc3 Nc6 5. h3 g6 6. d4 cxd4 7. Nxd4 Bg7 8. Be3
O-O 9. O-O Bd7 10. Qd2 Nxd4 11. Bxd4 a6 12. Rfe1 e6 13. Rad1 b5 14. Bb3 b4 15.
Na4 Bxa4 16. Bxf6 Bxf6 17. Bxa4 a5 18. Qxd6 Qxd6 19. Rxd6 Bxb2 20. Rd7 Bf6 21.
f3 Rfd8 22. Rxd8+ Rxd8 23. Kf2 Kf8 1/2-1/2

[Event "Madrid ch Superveteranos 2023-2024"]
[Site "Madrid ESP"]
[Date "2024.05.20"]
[Round "5.9"]
[White "Samaniego Bordiu, Gonzalo"]
[Black "Mauriello, Nunzio"]
[Result "1-0"]
[WhiteElo "1881"]
[BlackElo "1726"]
[PlyCount "83"]
[EventDate "2024.05.13"]
[EventType "swiss"]
[EventRounds "7"]
[EventCountry "ESP"]
[SourceTitle "Ajedrez en Madrid"]
[Source "lmi"]
[SourceDate "2024.05.13"]
[SourceVersion "1"]
[SourceVersionDate "2024.05.25"]
[SourceQuality "1"]

1. d4 Nf6 2. c4 d5 3. cxd5 Qxd5 4. Nc3 Qa5 5. Bd2 c6 6. e4 Qd8 7. Nf3 Bg4 8.
Qb3 Qb6 9. Qxb6 axb6 10. Ne5 Be6 11. b3 Nbd7 12. Nc4 b5 13. d5 cxd5 14. exd5
Nxd5 15. Nxb5 g6 16. Ne3 N7b6 17. a4 Bg7 18. Rc1 O-O 19. a5 Nxe3 20. fxe3 Nd5
21. e4 Nf6 22. Nc7 Rac8 23. Nxe6 Rxc1+ 24. Bxc1 fxe6 25. Bd3 Nd7 26. Bc4 Nc5
27. Be3 Nxe4 28. Bxe6+ Kh8 29. Bd5 Bc3+ 30. Ke2 Nd6 31. Rc1 Be5 32. g3 Re8 33.
b4 e6 34. Bf2 Re7 35. Rc5 Bf6 36. b5 Kg7 37. b6 Kf7 38. Rc7 Ke8 39. Rxe7+ Bxe7
40. Bxb7 Nxb7 41. a6 Na5 42. a7 1-0

[Event "Madrid ch Superveteranos 2023-2024"]
[Site "Madrid ESP"]
[Date "2024.05.20"]
[Round "5.10"]
[White "Martinez Miura, Enrique"]
[Black "Corredor Gonzalez, Angel L."]
[Result "1/2-1/2"]
[WhiteElo "1703"]
[BlackElo "1845"]
[PlyCount "71"]
[EventDate "2024.05.13"]
[EventType "swiss"]
[EventRounds "7"]
[EventCountry "ESP"]
[SourceTitle "Ajedrez en Madrid"]
[Source "lmi"]
[SourceDate "2024.05.13"]
[SourceVersion "1"]
[SourceVersionDate "2024.05.25"]
[SourceQuality "1"]

1. e4 d5 2. exd5 Nf6 3. d4 Bg4 4. Be2 Bxe2 5. Nxe2 Qxd5 6. O-O Nc6 7. Nbc3 Qh5
8. Ng3 Qg6 9. Be3 O-O-O 10. Qf3 h5 11. a3 e6 12. Nge4 Ng4 13. Rfd1 f5 14. Nc5
Bxc5 15. dxc5 e5 16. Rxd8+ Rxd8 17. Rd1 Rxd1+ 18. Qxd1 f4 19. Bc1 Nd4 20. h3
Nf6 21. Bxf4 exf4 22. Qxd4 f3 23. g3 Qxc2 24. Qe3 Qf5 25. Kh2 c6 26. b4 a6 27.
Na4 Ne4 28. Nb6+ Kb8 29. Qd4 Nxc5 30. bxc5 Ka7 31. Qb4 Kb8 32. Nc4 Qc2 33. Qd2
Qxc4 34. Qd8+ Ka7 35. Qb6+ Kb8 36. Qd8+ 1/2-1/2

[Event "Madrid ch Superveteranos 2023-2024"]
[Site "Madrid ESP"]
[Date "2024.05.20"]
[Round "5.11"]
[White "Barahona Torrijos, Angel"]
[Black "De Los Rios Camacho, Juan Antoni"]
[Result "0-1"]
[WhiteElo "1828"]
[BlackElo "1728"]
[PlyCount "38"]
[EventDate "2024.05.13"]
[EventType "swiss"]
[EventRounds "7"]
[EventCountry "ESP"]
[SourceTitle "Ajedrez en Madrid"]
[Source "lmi"]
[SourceDate "2024.05.13"]
[SourceVersion "1"]
[SourceVersionDate "2024.05.25"]
[SourceQuality "1"]

1. e4 e5 2. Nf3 Nc6 3. Nc3 Nf6 4. Bb5 d6 5. d4 exd4 6. Nxd4 Bd7 7. Be3 a6 8.
Nxc6 bxc6 9. Bc4 Be7 10. f3 O-O 11. Qd2 Be6 12. Qe2 d5 13. O-O-O Bb4 14. Bb3
Bxc3 15. bxc3 Qe7 16. Qf2 Qa3+ 17. Kb1 Nd7 18. Rd4 Rfb8 19. Ra4 Qxa4 0-1

[Event "Madrid ch Superveteranos 2023-2024"]
[Site "Madrid ESP"]
[Date "2024.05.20"]
[Round "5.12"]
[White "Ghavami, Mahmoud"]
[Black "Ortiz Landeira, Jose Antonio"]
[Result "0-1"]
[WhiteElo "1682"]
[BlackElo "1817"]
[PlyCount "60"]
[EventDate "2024.05.13"]
[EventType "swiss"]
[EventRounds "7"]
[EventCountry "ESP"]
[SourceTitle "Ajedrez en Madrid"]
[Source "lmi"]
[SourceDate "2024.05.13"]
[SourceVersion "1"]
[SourceVersionDate "2024.05.25"]
[SourceQuality "1"]

1. d4 d5 2. c4 e6 3. Nc3 Bb4 4. Qc2 dxc4 5. a3 Ba5 6. Nf3 b5 7. e4 c6 8. Be2
Nf6 9. Bg5 h6 10. Bh4 Qc7 11. O-O Bxc3 12. bxc3 Nbd7 13. Ne1 Qf4 14. Bxf6 Nxf6
15. Bf3 Bb7 16. g3 Qc7 17. Rd1 Rd8 18. Ng2 O-O 19. Ne3 c5 20. d5 exd5 21. exd5
g6 22. Rd2 Rd6 23. h4 h5 24. Rfd1 Rfd8 25. g4 hxg4 26. Bxg4 Bxd5 27. h5 Be4 28.
Qc1 gxh5 29. Bf5 Rd3 30. Bxe4 Nxe4 0-1

[Event "Madrid ch Superveteranos 2023-2024"]
[Site "Madrid ESP"]
[Date "2024.05.20"]
[Round "5.13"]
[White "Santiago Jimenez, Ramon"]
[Black "Martinez De La Puente, Ignacio"]
[Result "0-1"]
[WhiteElo "1663"]
[BlackElo "1778"]
[PlyCount "58"]
[EventDate "2024.05.13"]
[EventType "swiss"]
[EventRounds "7"]
[EventCountry "ESP"]
[SourceTitle "Ajedrez en Madrid"]
[Source "lmi"]
[SourceDate "2024.05.13"]
[SourceVersion "1"]
[SourceVersionDate "2024.05.25"]
[SourceQuality "1"]

1. d4 d5 2. Bf4 Nf6 3. e3 e6 4. Bd3 Bd6 5. Bg3 O-O 6. Nf3 Re8 7. Ne5 Nbd7 8.
Nd2 Nf8 9. f4 c5 10. c3 cxd4 11. cxd4 Bd7 12. O-O Rc8 13. Bh4 Be7 14. Qf3 Bc6
15. Rae1 N6d7 16. Bg5 Nxe5 17. Bxe7 Nxf3+ 18. Rxf3 Qxe7 19. Ref1 Qb4 20. Nb3
Bb5 21. Bxb5 Qxb5 22. f5 exf5 23. Rxf5 Rc7 24. Nc5 Qxb2 25. Rxd5 Qxa2 26. e4 b6
27. Nd3 f6 28. Nf4 Rce7 29. e5 fxe5 0-1

[Event "Madrid ch Superveteranos 2023-2024"]
[Site "Madrid ESP"]
[Date "2024.05.20"]
[Round "5.14"]
[White "Olmedo Camacho, Jose"]
[Black "Camarero Izquierdo, Juan Carlos"]
[Result "0-1"]
[WhiteElo "1750"]
[BlackElo "1725"]
[PlyCount "72"]
[EventDate "2024.05.13"]
[EventType "swiss"]
[EventRounds "7"]
[EventCountry "ESP"]
[SourceTitle "Ajedrez en Madrid"]
[Source "lmi"]
[SourceDate "2024.05.13"]
[SourceVersion "1"]
[SourceVersionDate "2024.05.25"]
[SourceQuality "1"]

1. e4 c5 2. d4 cxd4 3. c3 dxc3 4. Nxc3 e6 5. Bc4 Bb4 6. Nf3 Nf6 7. Qe2 O-O 8.
O-O Bxc3 9. bxc3 d5 10. exd5 Nxd5 11. Bb2 Nf4 12. Qe4 Ng6 13. Rfd1 Qf6 14. Bb5
Nc6 15. Bxc6 bxc6 16. Qxc6 Rb8 17. Rab1 Bb7 18. Qc4 Bxf3 19. gxf3 Qxf3 20. Qd3
Qh5 21. Ba3 Rfe8 22. Rxb8 Rxb8 23. Qd6 Qg4+ 24. Kf1 Qc4+ 25. Kg1 Qc8 26. c4 h6
27. c5 e5 28. Qd7 Qa6 29. c6 Nf4 30. Bd6 Qd3 31. Bxe5 Qg6+ 32. Kf1 Qg2+ 33. Ke1
Qg1+ 34. Kd2 Qxf2+ 35. Kc3 Qb2+ 36. Kc4 Qb4# 0-1

[Event "Madrid ch Superveteranos 2023-2024"]
[Site "Madrid ESP"]
[Date "2024.05.20"]
[Round "5.15"]
[White "Jimenez Ascarza, Jose Ignacio"]
[Black "Diaz Begonte, Manuel"]
[Result "1-0"]
[WhiteElo "1749"]
[BlackElo "1712"]
[PlyCount "67"]
[EventDate "2024.05.13"]
[EventType "swiss"]
[EventRounds "7"]
[EventCountry "ESP"]
[SourceTitle "Ajedrez en Madrid"]
[Source "lmi"]
[SourceDate "2024.05.13"]
[SourceVersion "1"]
[SourceVersionDate "2024.05.25"]
[SourceQuality "1"]

1. e4 d5 2. exd5 Nf6 3. d4 Nxd5 4. c4 Nb6 5. h3 g6 6. Nf3 Bg7 7. Nc3 c6 8. Be3
O-O 9. Qd2 N8d7 10. Be2 Re8 11. O-O-O Nf8 12. g4 e5 13. d5 e4 14. Ng5 f5 15. c5
Nxd5 16. Bc4 Bxc3 17. Qxc3 Be6 18. Nxe6 Nxc3 19. Nxd8+ Nd5 20. Nxb7 Ne6 21.
gxf5 gxf5 22. Rhg1+ Kf8 23. Bxd5 cxd5 24. Rxd5 f4 25. Rf5+ Ke7 26. Bxf4 Nd4 27.
Bd6+ Kd7 28. Rg7+ Kc6 29. Rff7 Kb5 30. Kd2 Ne6 31. Rg3 h5 32. Rb3+ Kc6 33. Na5+
Kd5 34. Rf5+ 1-0

[Event "Madrid ch Superveteranos 2023-2024"]
[Site "Madrid ESP"]
[Date "2024.05.20"]
[Round "5.16"]
[White "Martinez Pintor, Juan"]
[Black "Benito Mellado, Humberto"]
[Result "1-0"]
[WhiteElo "1743"]
[BlackElo "1608"]
[PlyCount "59"]
[EventDate "2024.05.13"]
[EventType "swiss"]
[EventRounds "7"]
[EventCountry "ESP"]
[SourceTitle "Ajedrez en Madrid"]
[Source "lmi"]
[SourceDate "2024.05.13"]
[SourceVersion "1"]
[SourceVersionDate "2024.05.25"]
[SourceQuality "1"]

1. d4 d5 2. c4 e6 3. Nc3 c6 4. cxd5 cxd5 5. Nf3 Nf6 6. Bg5 Be7 7. e3 O-O 8. Bd3
Nbd7 9. h3 Re8 10. O-O a6 11. a4 Nf8 12. Bf4 Ng6 13. Bg3 Bd6 14. Bxd6 Qxd6 15.
Qe2 e5 16. Bxg6 exd4 17. Bxf7+ Kxf7 18. Nxd4 g6 19. Qf3 Re5 20. Qf4 g5 21. Qg3
Nh5 22. Qf3+ Kg6 23. Qd1 Bxh3 24. gxh3 Nf6 25. Qf3 Rf8 26. Qg3 h5 27. f4 Rxe3
28. Qxe3 gxf4 29. Qxf4 Qc5 30. Kh1 1-0

[Event "Madrid ch Superveteranos 2023-2024"]
[Site "Madrid ESP"]
[Date "2024.05.20"]
[Round "5.17"]
[White "Gonzalez Finat, Borja"]
[Black "Becerra Baigorri, Jose"]
[Result "0-1"]
[WhiteElo "1672"]
[BlackElo "1687"]
[PlyCount "88"]
[EventDate "2024.05.13"]
[EventType "swiss"]
[EventRounds "7"]
[EventCountry "ESP"]
[SourceTitle "Ajedrez en Madrid"]
[Source "lmi"]
[SourceDate "2024.05.13"]
[SourceVersion "1"]
[SourceVersionDate "2024.05.25"]
[SourceQuality "1"]

1. d4 d5 2. Nf3 Nf6 3. e3 e6 4. Bd3 c5 5. c3 Nc6 6. Nbd2 Be7 7. O-O O-O 8. Qe2
b6 9. e4 dxe4 10. Nxe4 Bb7 11. Nxf6+ Bxf6 12. Qe4 g6 13. Qg4 cxd4 14. Bg5 dxc3
15. Bxf6 Qxf6 16. bxc3 Qxc3 17. Bb5 Ne5 18. Nxe5 Qxe5 19. a4 Rfd8 20. Rfe1 Qd4
21. Qg5 Bd5 22. Rad1 Qg7 23. Bc6 f6 24. Qe3 Rac8 25. Bxd5 exd5 26. Qe6+ Qf7 27.
Qg4 Qd7 28. Qf3 Kf7 29. Re5 Rc5 30. g4 Kg7 31. Re3 d4 32. Re4 d3 33. Rde1 Re5
34. g5 Rxg5+ 35. Kf1 Re5 36. Rxe5 fxe5 37. Rd1 Qd5 38. Qxd5 Rxd5 39. f3 Kf6 40.
Kf2 Kf5 41. Ke3 d2 42. Rxd2 Rxd2 43. Kxd2 Kf4 44. Ke2 a6 0-1

[Event "Madrid ch Superveteranos 2023-2024"]
[Site "Madrid ESP"]
[Date "2024.05.20"]
[Round "5.18"]
[White "Lopez Heras, Arturo"]
[Black "Calle Trueba, Jose Antonio"]
[Result "1-0"]
[WhiteElo "1841"]
[BlackElo "1633"]
[PlyCount "99"]
[EventDate "2024.05.13"]
[EventType "swiss"]
[EventRounds "7"]
[EventCountry "ESP"]
[SourceTitle "Ajedrez en Madrid"]
[Source "lmi"]
[SourceDate "2024.05.13"]
[SourceVersion "1"]
[SourceVersionDate "2024.05.25"]
[SourceQuality "1"]

1. e4 e5 2. Nf3 Nf6 3. Nc3 Nc6 4. d3 d6 5. Be2 Be7 6. O-O O-O 7. h3 h6 8. Be3
Be6 9. d4 exd4 10. Nxd4 Nxd4 11. Bxd4 Qd7 12. Qd3 a6 13. a4 Rad8 14. f4 Qe8 15.
f5 Bd7 16. b3 c5 17. Bf2 Bc6 18. Rae1 Nh7 19. Nd5 Bxd5 20. Qxd5 Qc6 21. Qxc6
bxc6 22. Bxa6 Bf6 23. Bb7 c4 24. Bxc6 cxb3 25. cxb3 Rc8 26. Bb5 Be5 27. Bh4 Ng5
28. Bxg5 hxg5 29. Rc1 Bf4 30. Rxc8 Rxc8 31. Bc4 Kf8 32. Ra1 f6 33. a5 Be5 34.
Ra2 Ke7 35. a6 Rc7 36. Kf1 Bd4 37. Ke2 Ra7 38. b4 Kd7 39. Kd3 Bb6 40. Bd5 Rc7
41. b5 Ra7 42. Bb7 Bc5 43. Kc4 Kc7 44. Kd5 Kb6 45. Rb2 Kc7 46. Ke6 g6 47. fxg6
f5 48. exf5 g4 49. f6 gxh3 50. gxh3 1-0